00199nam a2200073Ia 4500008004100000100001800041245003500059260003100094170524s9999 xx 000 0 und d aJAWADEKAR-W S 0aManagement Information Systems bTATA MCGRAW HILL NEW DELHI